|
|
|
|
| LEADER |
00933nam a2200265 a 4500 |
| 001 |
4634 |
| 003 |
BD-DhAAL |
| 005 |
20150816121533.0 |
| 008 |
150816s1988 nyu 000 0 eng |
| 010 |
|
|
|a 87024210
|
| 020 |
|
|
|a 0091826659
|
| 020 |
|
|
|a 0688070620
|
| 040 |
|
|
|a DLC
|c DLC
|d DLC
|d BD-DhAAL
|
| 050 |
0 |
0 |
|a HF5387
|b .B56 1988
|
| 082 |
0 |
0 |
|a 174/.4
|2 19
|
| 100 |
1 |
|
|a Blanchard, Kenneth H.
|9 5582
|
| 245 |
1 |
4 |
|a The power of ethical management /
|c Kenneth Blanchard, Norman Vincent Peale.
|
| 260 |
|
|
|a New York :
|a London :
|b Vermilion,
|c 1988.
|
| 300 |
|
|
|a 139 p. ;
|c 20 cm.
|
| 650 |
|
0 |
|a Business ethics.
|9 13801
|
| 650 |
|
0 |
|a Conduct of life.
|9 13802
|
| 700 |
1 |
|
|a Peale, Norman Vincent,
|d 1898-1993.
|9 12962
|
| 942 |
|
|
|2 ddc
|c BK
|
| 999 |
|
|
|c 35239
|d 35239
|
| 952 |
|
|
|0 0
|1 0
|2 ddc
|4 0
|6 174_400000000000000_BLA
|7 0
|9 55246
|a SCL
|b SCL
|c GEN
|d 2015-08-16
|e Gift: The British Council
|l 1
|o 174.4 BLA
|p 3020004634
|r 2024-04-03
|s 2024-03-31
|t 1
|w 2015-08-16
|y BK
|